000 00476nam a2200145Ia 4500
008 231129s2001||||xx |||||||||||||| ||spa||
020 _a958-9393-42-X
040 _bspa
082 _aR 759.9861 B748b
100 _aBotero Fernando
245 0 _aBotero: nuevas obras sobre lienzo: entrevista con Fernando Botero por Ana Maria Escallon
260 _c2001
264 _aColombia Santafé de Bogotá : Villegas Editores
942 _2ddc
_cBKS
999 _c6308
_d6308